Statystyki dla Skały magmowe

Kliknij tutaj aby rozwiązać quiz!

Ogólne statystyki

  • Ten quiz został rozwiązany 86 razy
  • Średni wynik to 3 z 8

Statystyki odpowiedzi

Odpowiedź% Poprawnych
Granit
98%
Bazalt
88%
Obsydian
28%
Pumeks
28%
Pegmatyt
20%
Gabro
15%
Dioryt
10%
Scoria
3%

Rozkład punktacji

Percentyl według liczby udzielonych odpowiedzi

Procent ludzi z każdym wynikiem

Twoja historia wyników

Nie rozwiązałeś tego quizu